000 00367nam a2200145Ia 4500
008 230312s9999||||xx |||||||||||||| ||und||
020 _a0-471-48696-5
082 _a005.133
_bMAR-P
100 _aBrightman;Harvey
245 0 _aData Analysis in Plain English with Excel
260 _bWiley
_aUSA
_c2006
300 _a632
650 _aComputer
_vComputer
942 _cBK
999 _c15403
_d15403